4-Letter Images (A-Z) II Quiz Stats

 Plays Quiz not verified by Sporcle

Challenge
Share
Tweet
Score 0/25 Timer 03:00
0 Plays Today
Hint Answer % Correct
Ffork
99.2%
Aafro
98.1%
Hharp
97.8%
Kkite
97.8%
Nnose
97.3%
Ddeck
96.5%
Bbolt
95.7%
Ttent
95.7%
Vvest
95.1%
Ccrib
94.3%
Wwell
93.5%
Ssofa
92.9%
Zzero
92.7%
Hint Answer % Correct
Ggear
87.5%
XXmas
87%
Ppuck
85.1%
Rrook
83.7%
Ooval opal
83.2%
Iiris
82.3%
Yyolk
78.8%
Jjade
75%
Qquid
59.5%
Uupdo
57.6%
Eewer
42.9%
L & Mluna moth
28%

You're not logged in!

Compare scores with friends on all Sporcle quizzes.
OR
Log In

You Might Also Like...

Show Comments

Extras

Created Jun 8, 2015ReportNominate
Tags:Letter Quiz, 4-letter, A-Z

Top Quizzes Today


Score Distribution

Your Account Isn't Verified!

In order to create a playlist on Sporcle, you need to verify the email address you used during registration. Go to your Sporcle Settings to finish the process.

Report this User

Report this user for behavior that violates our Community Guidelines.

Details: